000 00886nac a22002777a 4500
001 BR9901886
003 BR-BrBNA
005 20240105122210.0
008 230509b bl.|||m| |||| 00| 0 por d
040 _aBR-BrBNA
_bpor
_cBiblioteca Nacional de Agricultura
072 _aM11; D50
090 _a8100 BR9901886
110 1 _aInstituto Brasileiro do Meio Ambiente e dos Recursos Naturais Renovaveis, Brasilia, DF (Brasil)
245 1 _aPeixes demersais
260 3 _aBrasilia, DF (Brasil):
_c1995.
300 _a126 p.
490 _aColecao Meio Ambiente. Serie Estudos Pesca (Brazil)
_vno. 16
_xISSN 0103-9695
500 _a36 tables; 26 illus.; 48 ref.
650 _aPeixe Demersal
650 _aProducao Pesqueira
650 _aCaptura
650 _aDesembarque
650 _aRegulamentacao
909 _a202312
_bLúcia Elande
_c55
_dLúcia Elande
942 _2AGRIS
_n0
_cMS
999 _c289755
_d289755